000 00850nmc a2200289 a 4500
003 AR-BaBNM
005 20251128211656.0
008 245020s2004 ||||||||||||||000 | spa||
020 _a950-581-708-8
040 _cAR-BaBNM
100 1 _aPace, Ana Cristina
245 1 0 _aUnidad didáctica y proyecto
_babordajes desde el hacer cotidiano
250 _a1a ed.
260 _aBuenos Aires
_bColihue
_c2004
300 0 _a114 p.
_btablas
490 0 _aNuevos caminos en educación inicial
504 _aContiene referencias bibliogràficas p. 113-114
650 4 _aCURRICULO
653 _aEDUCACION INICIAL
653 _aUNIDADES DIDACTICAS
653 _aPROYECTOS CURRICULARES
653 _aCONTENIDOS CURRICULARES
700 1 _aIñiguez, Mariella
800 1 _aSan Martín de Duprat, Hebe
_edirector
942 _cBK
998 _craquel
999 _c20668
_d20668